[Event "Selfoss Milk Masters 1st"]
[Site "Selfoss"]
[Date "2002.10.11"]
[Round "4"]
[White "Stefansson, Hannes"]
[Black "McShane, Luke J"]
[Result "1/2-1/2"]
[WhiteElo "2566"]
[BlackElo "2546"]
[Annotator "Mueller,Karsten"]
[PlyCount "54"]
[EventDate "2002.10.08"]
[EventType "tourn"]
[EventRounds "9"]
[EventCountry "ISL"]
[EventCategory "12"]
[SourceTitle "CBM 092"]
[Source "ChessBase"]
[SourceDate "2003.02.06"]
[SourceVersion "1"]
[SourceVersionDate "2003.02.06"]
[SourceQuality "1"]

1. e4 c5 2. Nf3 Nc6 3. Nc3 d6 4. d4 cxd4 5. Nxd4 e5 6. Nde2 Be7 (6... Nf6 7. g3
(7. Bg5 Be7 8. Bxf6 Bxf6 9. Nd5 Bg5 10. Nec3 $13 {1-0 Matikozian,A-Justiniano,
O/Duisburg 1992/TD 92\06 (34)}) 7... Bg4 (7... Be7 8. Bg2 a6 (8... h5 9. h3 Be6
10. Be3 Qd7 11. Qd2 h4 12. g4 Nh7 13. f4 $14 {1-0 Walek,M-Choleva,Z/CZE 2002 
(41)}) 9. Bg5 Be6 10. Qd2 Rc8 11. Rd1 O-O 12. O-O Qa5 13. Nd5 $14 {1-0 Kintzel,
A-Germann,L/Moscow olm 1956/MCD-ol (50)}) 8. Bg2 Nd4 (8... h5 $6 9. h3 Be6 10.
Be3 Qd7 11. Qd2 Nb4 12. a3 Na6 13. f4 $36 {1-0 Hector,J-Rendboe,J/Bellinge
1991/EXT 91b (33)}) 9. Qd3 Nxe2 10. Nxe2 Be7 11. O-O O-O 12. h3 $14 {1-0 Curi,
G-Escofet,J/Montevideo URU 2001 (65). (64)}) (6... h6 7. g3 Nf6 8. Bg2 Be7 9.
O-O O-O 10. h3 b6 11. g4 (11. Be3 Bb7 12. Qd2 Na5 13. b3 Rc8 14. Rac1 Ba6 15.
Rfd1 Qc7 16. Qe1 Nb7 17. g4 Nc5 18. Ng3 Ne6 19. Nf5 Rfe8 20. Ne2 Bf8 $6 21. c4
$14 {1-0 Cela,A-Gogolis,A/Kavala op 1995/EXT 95op (35)}) 11... Ba6 12. Re1 Ne8
13. Ng3 Bg5 14. Be3 Nc7 15. Nf5 $14 {1-0 Martinovic,S-Lebredo,G/Lublin 1977/
MCD-r7 (27)}) 7. Nd5 Nf6 8. Nxe7 (8. Nec3 $5 Nxd5 9. Nxd5 f5 10. Bd3 {ist
ebenfalls in Erwägung zu ziehen.}) 8... Qxe7 9. Nc3 h6 10. Be3 Ng4 11. Bc1 Nf6
12. f3 (12. Bc4 Be6 13. Bb3 O-O 14. O-O Rfd8 15. Re1 Na5 $11) 12... O-O 13. Be3
Be6 14. Qd2 d5 $5 {mutig und sehr riskant} (14... Rfd8 15. Nd5 Bxd5 16. exd5
Nd4 {kommt auch in Frage.}) 15. Nxd5 Bxd5 16. exd5 Rfd8 17. c4 b5 $5 {Luke
McShane versucht ideenreich, seinen Entwicklungsvorsprung zur Geltung zu
bringen.} 18. b3 bxc4 19. bxc4 (19. Bxc4 $2 Nb4 $15) 19... e4 $5 20. Be2 (20.
f4 {sieht riskant aus, kommt aber eventuell in Betracht, z.B.} Ng4 21. Rb1 Rac8
22. Be2) (20. fxe4 $2 Nxe4 21. Qc1 Ne5 $36) 20... exf3 21. gxf3 (21. Bxf3 $2
Ne5 22. Rc1 Rac8 23. Be2 Nfg4 $36) 21... Nb4 22. Kf2 $6 (22. O-O $2 Nbxd5 23.
cxd5 Rxd5 24. Qc1 Re5 $15) (22. Rb1 $5 Nc2+ 23. Kf2 Nxe3 24. Qxe3 Qd6 25. Qd4
$14) 22... Nfxd5 $1 $11 {[%mdl 512]} 23. cxd5 Rxd5 24. Qc3 (24. Qb2 Rb8 25. Qc3
Re8 $11) 24... Re8 25. Rae1 (25. Rhe1 $2 Rh5 26. Bf4 Nd5 27. Qd2 Nxf4 28. Qxf4
Qc5+ 29. Kg2 Rg5+ 30. Kh1 Qf2 $19) 25... Qh4+ 26. Kf1 Rxe3 27. Qxe3 Qh3+ (27...
Qh3+ 28. Kf2 Qh4+ 29. Kf1 (29. Kg2 $2 Rg5+ 30. Qxg5 Qxg5+ 31. Kf1 Qe3 32. Bd1
Qd2 33. Re8+ Kh7 34. Be2 Nxa2 $17) 29... Qh3+ $11) 1/2-1/2

[Event "Dos Hermanas"]
[Site "Dos Hermanas"]
[Date "1996.05.22"]
[Round "2"]
[White "Shirov, Alexei"]
[Black "Polgar, Judit"]
[Result "1/2-1/2"]
[WhiteElo "2690"]
[BlackElo "2675"]
[Annotator "Petursson,M"]
[PlyCount "103"]
[EventDate "1996.05.21"]
[EventType "tourn"]
[EventRounds "9"]
[EventCountry "ESP"]
[EventCategory "19"]
[SourceTitle "CBM 053"]
[Source "ChessBase"]
[SourceDate "1996.08.01"]
[SourceVersion "1"]
[SourceVersionDate "1996.08.01"]
[SourceQuality "1"]

1. e4 c5 2. Nf3 e6 3. d4 cxd4 4. Nxd4 Nc6 5. Nc3 d6 6. g4 Nge7 7. Be3 a6 8. f4
Bd7 9. Nf3 Qa5 10. Bg2 h5 11. gxh5 d5 12. Bd2 Qb6 13. exd5 exd5 14. Qe2 O-O-O
15. O-O-O d4 16. Na4 Qc7 17. Ng5 Nf5 18. Nxf7 Re8 19. Be4 Nd6 $1 20. Nxh8 Nxe4
21. Ng6 Nc5 22. Qc4 (22. Qf3 Nxa4 23. Nxf8 Bf5 24. Qa3 Nb4 25. Qxa4 b5 26. Qb3
Nxc2 27. Bc3 Rxf8 $13) 22... Be6 23. Qxc5 Bxc5 24. Nxc5 Bf5 25. Rde1 Rd8 26.
Nh4 Qf7 27. Nxf5 Qxf5 28. Nd3 Qxh5 29. b3 Rd7 30. h4 Rc7 31. Kb2 b5 32. Re6 Kb7
33. Rhe1 Qxh4 34. f5 Qg4 35. Bf4 Rc8 36. f6 gxf6 37. Rxf6 Qg2 38. Ree6 Qd5 39.
Rd6 Qg2 40. a3 Ka8 41. b4 Qf3 42. Rf7 Nb8 43. Rg7 Qe2 44. Nc5 Qc4 45. Bd2 Qe2
46. Nd7 Rc7 47. Nb6+ Kb7 48. Rxc7+ Kxc7 49. Bf4 d3 50. Rxd3+ Kxb6 51. Bxb8 Qe7
52. Bd6 1/2-1/2

[Event "Balatonbereny GM"]
[Site "Balatonbereny"]
[Date "1996.??.??"]
[Round "11"]
[White "Wach, Markus"]
[Black "Sax, Gyula"]
[Result "1/2-1/2"]
[WhiteElo "2380"]
[BlackElo "2560"]
[Annotator "Psakhis,L"]
[PlyCount "62"]
[EventDate "1996.06.13"]
[EventType "tourn"]
[EventRounds "11"]
[EventCountry "HUN"]
[EventCategory "11"]
[SourceTitle "CBM 055"]
[Source "ChessBase"]
[SourceDate "1996.12.01"]
[SourceVersion "1"]
[SourceVersionDate "1996.12.01"]
[SourceQuality "1"]

1. e4 c5 2. Nf3 e6 3. d4 cxd4 4. Nxd4 a6 5. Nc3 d6 6. g4 b5 {N} (6... h6 7. Bg2
Ne7 8. Be3 Nbc6 9. Qe2 Nxd4 10. Bxd4 Nc6 11. Be3 Be7 12. O-O-O Bf6 13. f4 $14 {
Nikolaidis,I-Banikas,H/Aegina op/1995/0,5/59/}) 7. a3 (7. Bg2 $5 Bb7 8. O-O b4
9. Nce2 Nf6 10. Ng3 h6 11. a3 $1 $14 {Hort,V-Ree,H/Donner mem-B/1994/1:0/44/})
7... Bb7 8. Bg2 (8. g5 $5 $14) 8... h6 9. h4 {N/} (9. O-O Nd7 10. f4 Rc8 11.
Be3 g5 $1 $132 12. Qe2 gxf4 13. Rxf4 e5 $132 {Short,N-Kasparov,G/Amsterdam/
1994/0,5/25/}) 9... Be7 (9... d5 $6 10. exd5 Nf6 11. Qe2 Nxd5 12. Nxe6 $1) 10.
g5 $1 (10. h5 $6 Nf6) 10... hxg5 11. hxg5 Rxh1+ 12. Bxh1 g6 (12... Bxg5 $2 13.
Nxe6 $1 fxe6 14. Qh5+) 13. Qg4 $40 Nd7 (13... Nc6 $5 14. Nxe6 $2 (14. Nxc6 Bxc6
15. Bd2 $14) 14... Qc8 $1 15. Ng7+ Kf8) 14. Nxe6 $5 (14. f4 e5 15. Nf3 $14)
14... fxe6 15. Qxe6 Kf8 16. Qxg6 Ne5 17. Qh7 (17. Qf5+ Kg7 18. Be3 Qc7) 17...
Bc8 18. g6 $6 (18. f4 $5 Qb6 (18... Nf7 19. Be3 Be6 20. Bd4 $18) (18... Nc4 19.
e5 $1 Nb6 20. g6 Bh4+ 21. Kf1 Bh3+ 22. Kg1 Qe7 23. Bxa8 Nxa8 24. Nd5 $18) 19.
Qh2 Nc4 20. Nd5 $16) 18... Bf6 (18... Be6 19. f4 Bh4+ 20. Kd1 Bg4+ 21. Ne2 Qf6
22. f5 Rc8 $132) 19. Nd5 Bg7 20. Be3 Bg4 (20... Nf6 $5 21. Qh4 $5 Nxg6 22. Qg5
Kf7 23. O-O-O Qh8 24. Nc7 Rb8 25. Rg1 Qh5 26. f4 $132) 21. f4 Nh6 $1 (21...
Nf3+ $2 22. Bxf3 Bxf3 23. Bd4 Qd7 24. Nb6 $18) (21... Nd7 22. Bd4 Ngf6 23. Qh4
Be6 24. Nc3 $40) (21... Nc4 22. Bd4 Qd7 23. f5 $1 Re8 24. f6 $1) 22. fxe5 Qh4+
23. Kd2 Qh2+ 24. Kc3 $8 Qe2 $1 (24... Rc8+ 25. Kb4 Qxc2 26. Rf1+ Nf5 27. b3 $1
(27. Ka5 Qa4+ (27... Rb8 28. Nb6 Qxb2 (28... Rxb6 29. Bh6 $1 $18) 29. Nd7+ Ke8
30. Nxb8 Qxa3+ 31. Kb6 Qxe3+ 32. Kb7 $18) 28. Kb6 b4 $1 (28... Qc4 29. exf5
Rb8+ (29... Qxf1 30. f6) 30. Ka7 Qc8 31. Qxg7+ $1 Kxg7 32. f6+ Kf8 (32... Kxg6
33. Ne7+) 33. Bh6+ Ke8 34. f7+ Kd7 35. Nf6+ Ke6 36. f8=N+ Ke7 (36... Kxe5 37.
Nxg4+ Kd4 38. Rd1+ Kc4 39. Bd5+ Kc5 40. b4#) 37. exd6+ Kxd6 38. Bf4+ Ke7 39.
Nxg4 $18) 29. Nc7 Qd7 (29... Rxc7 30. Kxc7 bxa3 31. Rxf5+ Bxf5 32. exf5 Qc4+
33. Kxd6 $18) 30. Ne6+ Ke7 $1 31. Bg5+ (31. Nd4 Qc7+ 32. Kxa6 Ra8+ 33. Kb5 Qc5#
) 31... Kxe6 32. exf5+ Bxf5 33. Bd5+ Kxd5 34. Rd1+ Kxe5 35. Re1+ Be4 36. Qh2+
Kd5 37. Rd1+ Bd4+ 38. Rxd4+ Kxd4 $19) 27... Rc4+ (27... Qe2 28. Bh6 a5+ (28...
Qxf1 29. Qh8#) 29. Kxa5 Ra8+ 30. Kb6 Rb8+ 31. Ka7 $18) (27... a5+ 28. Kxa5 Qxb3
29. e6 Qa4+ 30. Kb6 Rb8+ (30... Ra8 31. Rxf5+ Bxf5 32. e7+ Ke8 33. Nf6+ Kxe7
34. Qxg7+ Ke6 35. Qd7+ Kxf6 36. Qf7+ Ke5 37. Qxf5#) 31. Kc7 Re8 32. e7+ Rxe7+
33. Nxe7 Kxe7 34. Rxf5 Qa5+ 35. Kb7 $18) 28. Ka5 $1 (28. bxc4 Qa4+ 29. Kc3
Qxc4+ 30. Kd2 Qe2+ 31. Kc3 Qxf1 $19) 28... Qxb3 29. Qh4 $1 Qxa3+ 30. Kb6 Ke8
31. Qxg4 dxe5 32. Qxf5 Qd6+ 33. Kb7 Qc6+ 34. Ka7 $18) 25. Bxh6 Qc4+ 26. Kd2
Qd4+ 27. Ke1 (27. Kc1 $4 Qd1#) 27... Qg1+ 28. Kd2 Qh2+ (28... Qd4+ $10) 29. Kd3
Qe2+ 30. Kc3 (30. Kd4 Qf2+ (30... dxe5+ 31. Kc5 Qc4+ 32. Kb6 Qd4+ 33. Kc6 Qc4+
34. Kb7 Bc8+ $1 35. Kb6 Rb8+ 36. Ka7 Ra8+ $1 37. Kb6 Rb8+ $10) 31. Kc3 Rc8+ 32.
Kb3 Qxc2+ 33. Ka2 Qc4+ 34. Kb1 Qd3+ 35. Ka2 Qc4+ $10) 30... Qc4+ 31. Kd2 Qe2+
1/2-1/2

[Event "ESP-chT CECLUB Honor"]
[Site "Melilla"]
[Date "2011.11.21"]
[Round "1"]
[White "Kuzubov, Yuriy"]
[Black "Bologan, Viktor"]
[Result "1/2-1/2"]
[WhiteElo "2621"]
[BlackElo "2665"]
[Annotator "RR"]
[PlyCount "122"]
[EventDate "2011.11.21"]
[EventType "team-tourn"]
[EventRounds "7"]
[EventCountry "ESP"]
[SourceTitle "CBM 146"]
[Source "ChessBase"]
[SourceDate "2012.01.18"]
[SourceVersion "1"]
[SourceVersionDate "2012.01.18"]
[SourceQuality "1"]
[WhiteTeam "Cajacanarias"]
[BlackTeam "Linex Magic"]
[WhiteTeamCountry "ESP"]
[BlackTeamCountry "ESP"]

1. e4 c5 2. Nf3 e6 3. d4 cxd4 4. Nxd4 a6 5. Nc3 d6 6. Be2 b5 7. f4 Bb7 8. Bf3
Ne7 9. O-O Nec6 10. Be3 Be7 11. f5 Nxd4 12. Qxd4 Bf6 13. Qd2 Nc6 14. fxe6 fxe6
15. Bh5+ Ke7 16. Rad1 Ne5 17. Bd4 Rf8 $6 (17... Qc7 18. a4 b4 $16) 18. Qe3 $2 (
18. Rxf6 gxf6 19. Qh6 $18) 18... Nc4 $14 19. Bxf6+ Rxf6 20. Qg5 Qf8 21. b3 Ne5
22. Qd2 Rd8 23. Qd4 Rd7 24. a4 Bc6 25. axb5 axb5 26. Be2 Qb8 27. Rxf6 gxf6 28.
Ra1 b4 29. Nd1 d5 30. exd5 Rxd5 31. Qe3 Qg8 32. Bf1 Qg6 33. Qf4 Rd4 34. Qf2
Nf3+ 35. Kh1 Qh5 36. Qg3 Nxh2 37. Ra7+ Bd7 38. Qg7+ Qf7 39. Qxf7+ Kxf7 40. Kxh2
Rxd1 41. Bd3 Ke7 42. Rb7 f5 43. Rxb4 Rd2 44. Rh4 Bc6 45. Rxh7+ Kf6 46. Rh6+ Ke5
47. Rg6 Be4 48. Bxe4 fxe4 49. Kg3 Rxc2 50. b4 Rb2 51. b5 Kd5 52. Kf4 e5+ 53.
Ke3 Rxb5 54. Ra6 Rb3+ 55. Ke2 Rd3 56. g4 Rg3 57. Ra5+ Ke6 58. Ra6+ Kf7 59. g5
Rxg5 60. Ke3 Rg4 61. Rb6 Ke7 1/2-1/2

[Event "RUS-Cup3"]
[Site "Omsk"]
[Date "1996.??.??"]
[Round "9"]
[White "Landa, Konstantin"]
[Black "Starosek, Konstantin"]
[Result "1/2-1/2"]
[WhiteElo "2570"]
[BlackElo "2475"]
[Annotator "Rechlis,G"]
[PlyCount "137"]
[EventDate "1996.12.13"]
[EventType "swiss"]
[EventRounds "9"]
[EventCountry "RUS"]
[SourceTitle "CBM 057"]
[Source "ChessBase"]
[SourceDate "1997.04.01"]
[SourceVersion "1"]
[SourceVersionDate "1997.04.01"]
[SourceQuality "1"]

1. e4 c5 2. Nf3 Nc6 3. Nc3 d6 4. d4 cxd4 5. Nxd4 e5 6. Nf3 Be7 (6... Nf6 7. Bg5
Be7 8. Bc4 Be6 9. Bb3 O-O 10. Bxf6 Bxf6 11. Nd5 Bg5 12. O-O Bh6 13. c3 $14 {
1-0 Yakovich,Y-Britton,R/Cappelle op 1995 (40)}) 7. Bc4 Be6 8. Bb3 h6 9. O-O
Nf6 10. Qe2 O-O 11. h3 (11. Rd1 Qc8 12. h3 Na5 13. Nd5 Nxd5 14. Bxd5 Bxd5 15.
Rxd5 Nc4 16. b3 Nb6 17. Rd3 f5 18. c4 Nd7 19. Ba3 $1 fxe4 20. Qxe4 Nf6 21. Qg6
Ne8 (21... e4 22. Nd4 exd3 23. Nf5 $18) 22. Re1 $16 {1-0 Klinger,J-Hoelzl,F/
Vienna op 1986 (34)}) 11... Na5 12. Bd5 (12. Rd1 Nxb3 13. axb3 Qc7 14. Be3 a6
15. Nd5 Nxd5 16. exd5 Bd7 17. c4 f5 $15) 12... a6 13. b3 Rc8 14. Bb2 b5 15.
Rfd1 Qb6 16. Nh4 (16. a3 $142) 16... b4 17. Na4 Qb5 18. c4 bxc3 19. Qxb5 axb5
20. Nxc3 b4 21. Ng6 Rfe8 (21... bxc3 22. Nxe7+ Kh8 23. Ba3) 22. Bxe6 fxe6 (
22... bxc3 $2 23. Nxe7+ Rxe7 24. Bxc8 cxb2 25. Rab1 $18) 23. Nxe7+ Rxe7 24. Na4
Nb7 (24... Nxe4 25. f3 Nc3 (25... Nc5 26. Nxc5 dxc5 (26... Rxc5 27. Rxd6 Nc6
28. Re1 $14) 27. Bxe5 $14) 26. Bxc3 bxc3 27. Rxd6 $16) 25. f3 Rc2 26. Rac1 Rec7
27. Rxc2 Rxc2 28. Rc1 Rd2 29. Rc8+ Kh7 30. Rb8 Nc5 31. Nxc5 dxc5 32. Bxe5 Rxa2
33. Rb7 $14 Kg8 34. Bd6 Rc2 35. Rc7 Rc3 36. Rxc5 Rxb3 37. Rb5 Rb1+ 38. Kf2 b3
39. Be5 (39. Rb7 $1 {This move would have made black's defence very dificult
since he restrict's the night from moving to any active position .}) 39... Nd7
40. Bc3 g5 41. Kg3 Kf7 $132 42. Rb7 Ke8 43. Kg4 Rg1 44. Kg3 Rb1 45. Bd4 Rd1 46.
Bg7 Kf7 47. Bxh6 Kg6 48. Bxg5 Kxg5 49. Rxb3 Nf6 50. h4+ Kg6 51. Rb6 Kf7 52.
Rb7+ Kg6 53. Rb6 Kf7 54. Rb7+ Kg6 55. Kf4 Nd7 56. Rc7 e5+ 57. Ke3 Nf8 58. Rc6+
Kf7 59. Rc7+ Ke6 60. Ra7 Rh1 61. g3 Kf6 62. f4 exf4+ 63. Kxf4 Ne6+ 64. Kg4 Re1
65. Ra4 Nc5 66. Rb4 Rxe4+ 67. Rxe4 Nxe4 68. Kf4 Nxg3 69. Kxg3 1/2-1/2

[Event "Tilburg Fontys"]
[Site "Tilburg"]
[Date "1996.10.13"]
[Round "3"]
[White "Adams, Michael"]
[Black "Polgar, Judit"]
[Result "1-0"]
[WhiteElo "2685"]
[BlackElo "2665"]
[Annotator "Rechlis,G"]
[PlyCount "163"]
[EventDate "1996.10.11"]
[EventType "tourn"]
[EventRounds "11"]
[EventCountry "NED"]
[EventCategory "16"]
[SourceTitle "CBM 056"]
[Source "ChessBase"]
[SourceDate "1997.02.01"]
[SourceVersion "1"]
[SourceVersionDate "1997.02.01"]
[SourceQuality "1"]

1. e4 c5 2. Nf3 d6 3. d4 cxd4 4. Nxd4 Nc6 $6 5. c4 Qb6 6. Nb3 Nf6 7. Nc3 e6 (
7... a6 $143 8. Be3 Qd8 9. Qd2 e6 10. O-O-O {1/2-1/2 Ivanchuk,V-Polgar,J/
Moscow PCA-GP 1996 (48)}) 8. Be3 Qd8 9. Be2 Be7 10. O-O O-O 11. f4 b6 12. Bf3 (
12. g4 $5 Bb7 13. g5 Nd7 14. Bg4) 12... Bb7 13. Qe2 Rc8 14. Rac1 Rc7 15. Rfd1
Qa8 16. Bf2 Rd8 17. g4 Ne8 18. h4 $16 g6 19. g5 Ng7 20. Rd2 Rcd7 21. Bg4 Qb8
22. Bg3 Bf8 23. Kh2 Re7 24. Qf2 (24. h5 $142 $5 $40) 24... Ree8 25. Rcd1 Ba6
26. Nb5 Bb7 27. Nc3 Ba6 28. Nd4 Nxd4 29. Qxd4 Bb7 30. Qf2 Qc7 31. b3 Bc6 32. f5
exf5 33. exf5 Nxf5 34. Bxf5 gxf5 35. Nd5 Bxd5 36. Rxd5 Re4 $132 37. R1d2 Rde8
38. Qxf5 Re2+ 39. Kh3 Rxd2 40. Rxd2 Re3 41. Kg2 Qe7 42. Rf2 Bg7 43. Qc8+ Bf8
44. Qg4 Qb7+ 45. Kh2 Re6 46. Rf6 Re3 47. Rf2 Re6 (47... d5 $1 48. Qd4 Bc5 49.
Qxd5 Qxd5 50. cxd5 Rd3 51. Rf5 Rd2+ 52. Kh3 Rxa2 $16) 48. Re2 Rxe2+ 49. Qxe2
Qc6 50. a4 Qc5 51. Qd3 $6 Qc6 52. Bf4 Qe8 53. Qe3 Qd7 54. Kg3 Qf5 55. Qf3 Be7
56. Bd2 Qb1 57. Qe3 Kf8 $2 (57... Bf8) 58. Bb4 Qd1 59. Qf3 Qg1+ 60. Kh3 Ke8 $2
(60... Kg8 61. Qa8+ Bf8 62. Bxd6 $19 Qf1+ $18) 61. Qa8+ Kd7 62. Qxa7+ Ke6 63.
Qa8 Qf1+ (63... Qe3+ 64. Kg4 Qxb3 65. Qc8+ Ke5 66. Qf5+ Kd4 67. Qd5+ Ke3 68.
Qf3+) 64. Kg3 Qg1+ 65. Qg2 Qxg2+ 66. Kxg2 f6 67. Bd2 d5 68. Kf3 dxc4 69. bxc4
fxg5 70. Bxg5 Bd6 71. Be3 Bc7 72. Kg4 Bd8 73. Bd4 Bc7 74. h5 Bd8 75. Kf4 Bc7+
76. Kg5 Kf7 77. Kf5 Bd8 78. Be3 Bc7 79. Bf4 Bd8 80. Bg3 Be7 81. Bf2 Bd8 82. Ke5
1-0

[Event "RUS-Cup3"]
[Site "Omsk"]
[Date "1996.??.??"]
[Round "7"]
[White "Fedorov, Alexei"]
[Black "Sherbakov, Vitaly S"]
[Result "1/2-1/2"]
[WhiteElo "2555"]
[BlackElo "2370"]
[Annotator "Rechlis,G"]
[PlyCount "48"]
[EventDate "1996.12.13"]
[EventType "swiss"]
[EventRounds "9"]
[EventCountry "RUS"]
[SourceTitle "CBM 057"]
[Source "ChessBase"]
[SourceDate "1997.04.01"]
[SourceVersion "1"]
[SourceVersionDate "1997.04.01"]
[SourceQuality "1"]

1. e4 c5 2. Nf3 Nc6 3. Nc3 d6 4. d4 cxd4 5. Nxd4 e5 6. Nf5 $5 {N/} Bxf5 7. exf5
Qd7 8. g4 h5 9. Be3 (9. f3 Be7 $13) 9... hxg4 10. Qxg4 Nf6 11. Qa4 d5 (11...
Qxf5 12. O-O-O $44) 12. O-O-O d4 13. f4 O-O-O $2 (13... Ng4 14. Bg1 Qxf5 (14...
O-O-O 15. Bg2 $146) 15. Bg2 Rc8 (15... Rh6 16. Nb5 Qxf4+ 17. Kb1 Rc8 18. Nxa7
$1 Ra8 19. Bxd4 $1 $36) 16. Bxd4 $1 exd4 (16... Qxf4+ 17. Kb1 exd4 18. Rhe1+
Nge5 19. Rxd4 Qxh2 20. Bxc6+ bxc6 21. Qa6 Rc7 22. Qa5 $18) 17. Rhe1+ Be7 18.
Bxc6+ bxc6 19. Rxd4 $40) 14. fxe5 Ng4 15. Bxd4 $1 $18 Nxd4 16. Bb5 Qxf5 17.
Rxd4 Rxd4 18. Qxd4 Nxe5 19. Rd1 $2 (19. Qxa7 $18) 19... Kb8 $1 $15 20. Nd5 Be7
21. Kb1 (21. Nxe7 Qg5+ 22. Kb1 Qxe7 $15) 21... Qe6 22. Qc3 $2 (22. Nf4 Qf5 23.
Nd5) 22... Bd6 23. a4 Rxh2 24. a5 Qh3 {T/} (24... Qh3 25. Qd4 Rh1 $19) 1/2-1/2

[Event "Olympiad-32"]
[Site "Yerevan"]
[Date "1996.09.30"]
[Round "13.1"]
[White "Shirov, Alexei"]
[Black "Polgar, Judit"]
[Result "1/2-1/2"]
[WhiteElo "2685"]
[BlackElo "2665"]
[Annotator "Shirov,A"]
[PlyCount "80"]
[EventDate "1996.09.15"]
[EventType "team-swiss"]
[EventRounds "14"]
[EventCountry "ARM"]
[SourceTitle "CBM 055"]
[Source "ChessBase"]
[SourceDate "1996.12.01"]
[SourceVersion "1"]
[SourceVersionDate "1996.12.01"]
[SourceQuality "1"]
[WhiteTeam "Spain"]
[BlackTeam "Hungary"]
[WhiteTeamCountry "ESP"]
[BlackTeamCountry "HUN"]

1. e4 c5 2. Nf3 e6 3. d4 cxd4 4. Nxd4 Nc6 5. Nc3 d6 6. g4 Nge7 7. Be3 Ng6 8.
Nb3 a6 9. Qd2 $5 $146 b5 (9... Nge5 10. Be2 b5 11. O-O $5 $13 (11. f4 $2 Nxg4))
10. O-O-O $5 Nge5 11. g5 Na5 12. f4 (12. Nxa5 Qxa5 13. f4 b4 $1 14. Nb1 Nc6 $13
) 12... Nec4 13. Qf2 Rb8 (13... Be7 $5) 14. f5 Nxe3 15. Qxe3 Qb6 (15... Be7
$142 $1 16. Rg1 Qb6 17. Qg3 $13) 16. Qg3 (16. Qxb6 Nxb3+ 17. axb3 Rxb6 $10)
16... Be7 17. Nxa5 $5 (17. Bh3 $5) (17. Nd4 $5) 17... Qxa5 18. e5 $1 d5 $8 (
18... b4 $2 19. exd6 bxc3 20. d7+ $18) 19. f6 (19. Kb1 $5 b4 20. Ne2 exf5 21.
e6 $16) 19... Bb4 $8 20. Nxd5 $2 (20. a3 $1 Bxc3 21. Qxc3 Qxc3 22. bxc3 gxf6
$140 23. gxf6 $1 $16 {Leko}) 20... exd5 21. e6 Rb7 $1 (21... Qxa2 22. exf7+ Kd8
23. c3 gxf6 24. Qxb8 Qa1+ 25. Kc2 Qa4+ 26. Kd2 $18) 22. exf7+ (22. fxg7 Rg8 23.
exf7+ $140 Rxf7) 22... Kxf7 23. fxg7 (23. g6+ $2 hxg6 24. Bd3 Rh6 25. Rhg1 Qxa2
26. Bxg6+ Kg8 27. c3 Bf8 $1 $17) 23... Re8 24. g6+ Kxg7 $1 (24... hxg6 $2 25.
Bd3 Qb6 26. Qf4+ $16) 25. gxh7+ Kh8 26. Rg1 Rxh7 $6 (26... Qd8 $1 27. Bd3 $15)
27. Qg6 Qd8 28. Bd3 Qe7 29. Qxh7+ (29. c3 $6 Bc5 30. Rde1 Be3+ $1 (30... Qxe1+
$2 31. Rxe1 Rxe1+ 32. Kd2 Ree7 33. Qf6+ Reg7 34. Qd8+ Rg8 35. Qf6+ $10) 31. Kb1
Rh6 $1 $17) 29... Qxh7 30. Bxh7 Kxh7 31. Rxd5 Bf8 $1 32. Rdd1 $138 (32. h4 $5)
32... Re2 33. Rde1 Rxh2 34. Rh1 $10 Rxh1 35. Rxh1+ Kg6 36. Rh8 Kg7 37. Rh1 Kf7
38. Kd2 Ke7 39. Rh7+ Ke6 40. Rc7 Bd7 1/2-1/2